00476nam a2200193 a 4500001001300000003000900013005001700022008004100039020001000080082001600090100002100106245002200127260003100149300000900180500003500189505001000224650002700234700002100261nice12345678IN_TiNIC20260116011538.0050524s1928 teha grp 000 0 per  ac10000a891.51bWAH aWahshi Kirmani,  aKuliyat-I-Kirmani aTehranbSaadat Pressc1928 a516p aincludes index and biblioraphy2 aIndex aPersian Poetry-Kirmani1 aWahshi Kirmani,